000 00329 a2200109 4500
001 ART_11448
005 20260410161857.0
008 260409a
245 1 0 _aEl presupuesto general de la provincia para 1993
100 1 _aBarone, Sergio
773 0 _tRevista de Economía
_g- Nº 67 (abr./dic. 1992)
_wREV11077
999 _c25585
_d25585